|
|
|
|
| LEADER |
00000nab a2200000 a 4500 |
| 001 |
vtls000912511 |
| 003 |
SK-MaSNL |
| 005 |
20260302174522.0 |
| 008 |
040720e19910227xo 0 slo |
| 035 |
|
|
|a KE21419
|
| 040 |
|
|
|a KEVKJB
|b slo
|c KEVKJB
|e AACR2
|
| 041 |
0 |
|
|a slo
|
| 044 |
|
|
|a xo
|c SK
|
| 080 |
|
|
|a 339.3
|2 1981
|
| 100 |
1 |
|
|a Ceniga, M.
|4 aut
|9 884396
|
| 245 |
1 |
0 |
|a Na modernizáciu milióny, ale...
|b Riaditeľ TEGUKOS-u k našim článkom
|
| 610 |
2 |
7 |
|a Tegukos (Košice, Slovensko)
|2 KEVKJB
|9 884397
|
| 650 |
0 |
7 |
|a situácia ekonomická
|2 KEVKJB
|9 879502
|
| 650 |
0 |
7 |
|a stav a perspektívy
|2 KEVKJB
|9 881814
|
| 651 |
|
7 |
|a KE,
|2 KEVKJB
|9 877256
|
| 655 |
|
7 |
|a periodikum
|2 snkbucl
|9 29553
|
| 710 |
2 |
|
|a Tegukos (Košice, Slovensko)
|4 aut
|9 884397
|
| 773 |
0 |
8 |
|t Večer
|g Roč. 2, č.41, 27.2.1991, s. 4
|
| 852 |
|
|
|a ZVYKNI
|b KIS3GCP
|
| 999 |
|
|
|c 1404310
|d 1406240
|